Κατάλογος Βιβλιοθηκών Mediterranean College

Η Ζωή Μου και η Ψυχανάλυση / Σίγκμουντ Φροϋντ (Record no. 4607)

MARC details
000 -LEADER
fixed length control field 00491cam a22001814a 4500
005 - ΗΜΕΡΟΜΗΝΙΑ ΚΑΙ ΩΡΑ ΤΕΛΕΥΤΑΙΑΣ ΕΝΗΜΕΡΩΣΗΣ
Πεδίο ελέγχου 20250605164150.0
008 - FIXED-LENGTH DATA ELEMENTS--GENERAL INFORMATION
Πεδίο ελέγχου σταθερού μήκους 250528s ||||||||||||||||||||||||d
035 ## - SYSTEM CONTROL NUMBER
System control number 19348
020 ## - ISBN
ISBN 9602281235
040 ## - ΠΗΓΗ ΚΑΤΑΛΟΓΟΓΡΑΦΗΣΗΣ
Φορέας πρωτότυπης καταλογογράφησης MC Athens Campus Library
Γλώσσα καταλογογράφησης Ελληνικά, Μοντέρνα (1453-)
Modifying agency MC Athens Campus Library
Κανόνες περιγραφικής καταλογογράφησης AACR2
245 1# - ΤΙΤΛΟΣ ΚΑΙ ΔΗΛΩΣΗ ΥΠΕΥΘΥΝΟΤΗΤΑΣ
Τίτλος Η Ζωή Μου και η Ψυχανάλυση / Σίγκμουντ Φροϋντ
260 ## - PUBLICATION, DISTRIBUTION, ETC.
Name of publisher, distributor, etc. Δαμιανός,
Date of publication, distribution, etc. 1986
300 ## - PHYSICAL DESCRIPTION
Extent 96
700 1# - ΠΡΟΣΘΕΤΗ ΑΝΑΓΡΑΦΗ--ΦΥΣΙΚΟ ΠΡΟΣΩΠΟ
Personal name Freud Sigmund
9 (RLIN) 241
942 ## - ADDED ENTRY ELEMENTS (KOHA)
Koha item type Books
Holdings
Τύπος τεκμηρίου Βιβλιοθήκη Τρέχουσα τοποθεσία Barcode Αριθμός εισαγωγής Ημερομηνία απόκτησης Ταξιθετικό σύμβολο Αριθμός αντιτύπου Κατάσταση απόσυρσης Κατάσταση χαμένου Κατάσταση κατεστραμμένου Μη δανεισμός Σύνολο δανεισμών Σύνολο ανανεώσεων Ημερομηνία τελευταίας εμφάνισης Χρονολογία τελευταίου δανεισμού Η τιμή ισχύει από
Books MC Athens Campus Library MC Athens Campus Library 9780000046062 5394 05/06/2025 150.1952 FRE 1         1 1 03/11/2025 21/10/2025 05/06/2025

MC Athens Campus Library
Πατησίων 94 & Κοδριγκτώνος 13, 104 34
Πελλήνης 8 & Πατησίων 107, 112 51
Τ: +30 210 8899600

MC Thessaloniki Campus Library
Ίωνος Δραγούμη 21, 54625 | Ίωνος Δραγούμη 15, 54625
Τ: +30 2310 287779 – Τ: +30 2314 440300